| 000 | 00793nam a22001697a 4500 | ||
|---|---|---|---|
| 008 | 150427b xxu||||| |||| 00| 0 eng d | ||
| 020 | _a0420456805 | ||
| 050 | _aKD1554.T7 | ||
| 100 | _aTreitel, G.H. | ||
| 245 |
_aThe Law of contract. / _cG.H. Treitel. |
||
| 250 | _a5th ed. | ||
| 260 |
_aLondon : _bStevens & Sons, _c1979. |
||
| 300 |
_aliv, 799 p. : _c24cm. |
||
| 500 | _aIncludes index. | ||
| 505 | _aContents: Introduction -- Agreement -- Consideration -- Contractual intention -- Form -- The contents of a contract -- Standard form contracts -- Mistake -- Misinterpretation -- Duress and undue influence -- Illegality -- Statutory invalidity -- Capacity -- Plurality of parties -- Privity -- Assignment -- Agency -- Performance -- Breach -- Frustration -- Remedies. | ||
| 942 |
_2lcc _cBK |
||
| 999 |
_c5432 _d12932 |
||